Zdaňovanie odmien za vynálezy, priemyselné vzory a zlepšovacie návrhy podľa nových daňových zákonov.
Medzi zdaňované odmeny patrí: odmena za využitie podnikového vynálezu a priemyselného vzoru, licenčný poplatok za poskytnutie súhlasu s využívaním patentu, úplata za prevod patentu, odmena za zlepšovací návrh, náhrada škody spôsobenej majiteľovi za neoprávnené využívanie predmetu vynálezu alebo regi...
Salvato in:
| Autore principale: | |
|---|---|
| Natura: | Capitolo di libro |
| Lingua: | slovacco |
| Soggetti: | |
| Tags: |
Nessun Tag, puoi essere il primo ad aggiungerne!!
|
MARC
| LEADER | 00000naa a2200000 4500 | ||
|---|---|---|---|
| 001 | r012247 | ||
| 005 | 20220826094131.6 | ||
| 041 | 0 | |a slo | |
| 044 | |a SK | ||
| 245 | 1 | 0 | |a Zdaňovanie odmien za vynálezy, priemyselné vzory a zlepšovacie návrhy podľa nových daňových zákonov. |c I. Žovic |
| 520 | |a Medzi zdaňované odmeny patrí: odmena za využitie podnikového vynálezu a priemyselného vzoru, licenčný poplatok za poskytnutie súhlasu s využívaním patentu, úplata za prevod patentu, odmena za zlepšovací návrh, náhrada škody spôsobenej majiteľovi za neoprávnené využívanie predmetu vynálezu alebo registrovaného priemyselného vzoru. Zdaňovanie upravuje zákon FZ č. 286/1992 Zb. o daniach z príjmov. | ||
| 610 | 2 | 0 | |a dane |
| 610 | 2 | 0 | |a odmeny |
| 610 | 2 | 0 | |a vynálezy |
| 610 | 2 | 0 | |a vzory priemyselné |
| 610 | 2 | 0 | |a návrhy zlepšovacie |
| 610 | 2 | 0 | |a zákony |
| 100 | 1 | |a Žovic, I. | |